000 00573nam a2200229Ia 4500
003 OSt
005 20221007075928.0
006 a|||||r|||| 00| 0
007 ta
008 221006b |||||||| |||| 00| 0 eng d
024 _a8,977
037 _cTextual
040 _aFLL
_cFLL
_beng
041 _2eng
_aeng
082 _aV2:2:(Z), P3
100 _aShourie Arun
245 0 _aSecular Agenda
260 _aNew Delhi
_bRupa & Co. India
_c2003
300 _axi,376p
_ccm.
942 _hV2:2:(Z), P3
_cTEXL
_2CC
999 _c1157852
_d1157852